000 01541nam a2200289 a 4500
001 BRCA_3437
005 20190320204301.0
041 _aita
044 _ait
084 _a726
_b.F53
_c1829
100 1 _aCervantes Saavedra, Miguel de
_d1547-1616
_9213
245 1 0 _aL´Ingegnoso Cittadino Don Chisciote della Mancia
_cOpera di M. Cervantes Saavedra ; Traduzione nuovissima procurate da chiarissimo signore Bartolomeo Gamba.
260 _aParma
_bPietro Fiaccadori
_c1829-30
300 _a6 v. en 12 tomos
_c20 cm.
500 _aContenido : v.1. Primera parte. Prefacio de los editores. Noticia sobre la vida y obra de Cervantes tomada de Pellicer y Quintana. Dedicatoria y prólogo del autor. 1829. -- v.2. Primera parte. Texto. 1830. -- v.3. Primera parte. Final. Texto. 1830. -- v.4. Segunda parte. Dedicatoria y prólogo del autor. 1830. -- v.5. Segunda parte. Texto. 1830. -- v.6. Segunda parte. Final. Texto. 1830
500 _aReproducción de la edición de 1818-19, publicada por Alviso-polo, pero sin láminas. Semipiel; lomeras adornadas con dorados Lúdovik Osterc
500 _aQM544A
546 _aTexto en : italiano
650 1 4 _aNovela española
_yÉpoca clásica, 1500-1700
_9215
650 1 4 _aLiteratura española
_yÉpoca clásica, 1500-1700
_9216
650 1 4 _aNovela española
_ySiglo XVII
_9217
650 1 4 _aDon Quijote (Personaje ficticio)
_eNovela
_9218
700 1 _aGamba, Bartolomeo
_d1766-1841
_eTraductor
_98997
740 0 _aEl Ingenioso Hidalgo Don Quijote de la Mancha
902 _aQFM
942 _2lcc
_cB
999 _c3173
_d3173